Top 30 : Daddy Yankee - Statistiques

Statistiques générales
  • Ce quiz a été pris 18 fois
  • Le résultat moyen est 8 sur 30
Statistiques - réponses
Top Titres Featuring % Correct
1 Despacito Luis Fonsi
80%
2 Despacito - Remix Luis Fonsi, Justin Bieber
80%
4 China Anuel AA, Karol G, Ozuna, J Balvin
53%
3 Con Calma Snow
53%
5 Gasolina
53%
10 Dura
40%
27 Dura - Remix Natti Natasha, Becky G, Bad Bunny
40%
12 Limbo
40%
9 Lo Que Pasó, Pasó
33%
18 Ella Me Levantó
27%
21 La Despedida
27%
6 La Santa Bad Bunny
27%
24 Rompe
27%
7 Soltera (Remix) Lunay, Bad Bunny
27%
20 Adictiva Anuel AA
13%
11 Andas En Mi Cabeza Chino & Nacho
13%
16 Baila Baila Baila - Remix Ozuna, J Balvin, Farruko, Anuel AA
13%
17 Bella y Sensual Romeo Santos, Nicky Jam
13%
26 Gyal You A Party Animal - Remix Charly Black
13%
15 La Rompe Corazones Ozuna
13%
29 Muévelo Nicky Jam
13%
13 Relación - Remix Sech, J Balvin, Rosalía, Farruko
13%
25 Shaky Shaky
13%
8 Sola (Remix) Anuel AA, Zion y Lennox, Farruko, Wisin
13%
14 Vuelve Bad Bunny
13%
22 Llamado de Emergencia
7%
30 Noche De Entierro Wisin y Yandel, Zion, Héctor el Father, Tonny Tun Tun
7%
28 Si Supieras Wisin y Yandel
7%
19 Tu Príncipe Zion y Lennox
7%
23 X ÚLTIMA VEZ Bad Bunny
7%
Aucun quiz correspondant
Distribution des résultats
% des personnes avec chaque résultat
Percentile par nombre de réponses
Votre historique - résultats
Vous n’avez pas pris ce quiz